Statistics for 2018-2019 NHL Leading Scorers

Click here to take the quiz!

General Stats

  • This quiz has been taken 127 times
  • The average score is 14 of 15

Answer Stats

#TeamPointsAnswer% Correct
3Chicago Blackhawks110Patrick Kane
100%
6Pittsburgh Penguins100Sidney Crosby
100%
15Washington Capitals89Alexander Ovechkin
99%
5Boston Bruins100Brad Marchand
99%
2Edmonton Oilers116Connor McDavid
99%
7Colorado Avalanche99Nathan MacKinnon
99%
1Tampa Bay Lightning128Nikita Kucherov
99%
4Edmonton Oilers105Leon Draisaitl
97%
9Tampa Bay Lightning98Steven Stamkos
97%
11Toronto Maple Leafs94Mitch Marner
96%
10Florida Panthers96Aleksander Barkov
94%
8Calgary Flames99Johnny Gaudreau
94%
12Tampa Bay Lightning92Brayden Point
92%
13Florida Panthers92Jonathan Huberdeau
90%
14Winnipeg Jets91Blake Wheeler
89%

Score Distribution

Percentile by Number Answered

Percent of People with Each Score

Your Score History

You have not taken this quiz